A Tiszába fulladt a siketnéma fiatalember

Elmentve itt :
Bibliográfiai részletek
Dokumentumtípus: Cikk
Megjelent: 1934-06-27
Sorozat:Délmagyarország 10 No. 145
Kulcsszavak:Kallai István, Haláleset Szeged 1934
Online Access:http://dmarchiv.bibl.u-szeged.hu/39788
LEADER 00437nab a2200145 i 4500
001 delm39788
005 20180927130040.0
008 180927s1934 hu o 0|| hun d
040 |a SZTE Délmagyarország Archívum  |b hun 
041 |a hun 
245 0 2 |a A Tiszába fulladt a siketnéma fiatalember  |h [elektronikus dokumentum] 
260 |c 1934-06-27 
300 |a 4 
490 0 |a Délmagyarország  |v 10 No. 145 
695 |a Kallai István, Haláleset Szeged 1934